000 00696nam a2200205Ia 4500
005 20260121110211.0
008 008 260114s9999 xx 000 0 hin d
020 _a9788132304005
037 _aEBOOK
040 _aCRL
_bhin
_cCRL
041 _ahin
_2hin
084 _qCRL
100 _aकामेश्वर शर्मा / Kameshwar Sharma
_9943258
245 0 _aअध्यापक शिक्षा की चुनौतियाँ / Adhyapak Shiksha Ki Chunautiyan
260 _bभाषा प्रकाशन / Bhasha Prakashan
_c2020
856 _uhttps://bhashaprakashan.com/product-details/378032
942 _cEBOOK
999 _c1534923
_d1534923